00868 2200301 4500001002100000005001500021007000300036008004100039020002200080035002000102040001700122041000800139082001400147084002000161090002700181100003300208245009100241250001200332264003700344300003700381336002100418337003000439338002300469650001100492700002900503850001000532990002400542INLIS00000000000873920260518091835ta260518 0  a978-602-9106-03-9 a0010-1022000114 aSBPUPADbind07aind a688.772 1 a688.772 1 FIR b a688.772 1 FIR b L21-100 aSutan FirmanawatyePengarang1 aBoneka Dari Kertas Koran /cSutan Firmanawaty; pengarang ke-2, Nurcahyo; editor, Sufty a.-cet.1 a.--Bandung :bAmalia Book,c2010 aviii,56 hlm. :bilus. ;c24,5 cm 2rdacontentateks 2rdamediaatanpa perantara 2rdacarrieravolume 4akreasi0 aeditor, SuftyePengarang aPUPAD a419/S/KAPD-PDG/2012